000 00338 a2200157 4500
001 58881
020 _a8532235476
040 _cAnchieta - Pituba
100 _aFerreira, José Roberto Martins
240 1 0 _aHistória 7
_lpor
245 1 0 _aHistória 7
300 _a238
362 0 _a1997
650 4 _aHistória do mundo
942 _cBK
999 _c58881
_d58881